Deutsche Döme - Bilderquiz - Statistiken

Allgemein
  • Dieses Quiz wurde 103 mal gespielt
  • Das Durchschnittsergebnis liegt bei 7 aus 20
Antwortstatistiken
Bildquiz Antwort % Korrekt
Köln
99%
Berlin
74%
München
71%
Hamburg
47%
Aachen
44%
Speyer
42%
Mainz
38%
Magdeburg
37%
Limburg
29%
Trier
28%
Worms
27%
Erfurt
23%
Regensburg
22%
Passau
17%
Paderborn
16%
Bamberg
15%
Würzburg
15%
Hildesheim
14%
Augsburg
12%
Osnabrück
12%
Keine übereinstimmenden Quizze gefunden
Verteilung der Resultate
Anzahl Personen mit jedem Resultat
Perzentil nach korrekt beantworteten Fragen
Ihre Resultats-Entwicklung
Sie haben dieses Quiz noch nicht gespielt